000 00224 a2200097 4500
001 13872
100 _aSchuking L L
245 _aThe Sociology of Lite taste
260 _aLondon
_bDr. Korl Mannhein
_c
090 _c10842
_d10842
942 _aNUST-CAE
_cM
_c939
999 _c248945
_d248945